Most Populous Cities (US) Stats

Can you name the 100 most populous cities in the United States?

Classic
You Got
0%
Avg Score
57%
Avg Friend Score
Score
0/100
Timer
12:00
21 Plays Today
Rank City % Correct
1New York City, NY
98.8%
2Los Angeles, CA
97.2%
3Chicago, IL
95.4%
4Houston, TX
92.2%
9Dallas, TX
92.1%
44Miami, FL
92.1%
23Boston, MA
91%
13San Francisco, CA
90.7%
18Seattle, WA
89.8%
5Philadelphia, PA
88.6%
8San Diego, CA
88.6%
39Atlanta, GA
86.7%
6Phoenix, AZ
86.3%
21Detroit, MI
86.1%
22Washington, D.C.
84.7%
19Denver, CO
84.1%
28Las Vegas, NV
83.7%
49New Orleans, LA
82.6%
26Portland, OR
82.5%
11Austin, TX
80.4%
36Kansas City, MO
79.7%
7San Antonio, TX
79.2%
14Indianapolis, IN
78.7%
51Cleveland, OH
77.9%
63Pittsburgh, PA
77.9%
25Nashville, TN
77.7%
60St. Louis, MO
77.5%
46Minneapolis, MN
76.8%
73Orlando, FL
76.5%
29Baltimore, MD
76.1%
27Oklahoma City, OK
75.8%
12Jacksonville, FL
75.2%
35Sacramento, CA
74.8%
15Columbus, OH
73.6%
Rank City % Correct
53Tampa, FL
73.4%
24Memphis, TN
72.1%
10San Jose, CA
70.5%
66Cincinnati, OH
70.1%
78Buffalo, NY
69.5%
17Charlotte, NC
68.9%
64St. Paul, MN
67.5%
42Raleigh, NC
66.8%
31Milwaukee, WI
66.4%
45Oakland, CA
63.3%
16Fort Worth, TX
62.3%
30Louisville, KY
61.1%
20El Paso, TX
60.8%
99Boise, ID
59.8%
98Richmond, VA
57.5%
70Newark, NJ
57.4%
97Baton Rouge, LA
57.2%
32Albuquerque, NM
57.1%
55Honolulu, HI
56.7%
43Omaha, NE
56%
87Reno, NV
55.8%
84Madison, WI
54.8%
33Tucson, AZ
52.5%
72Lincoln, NE
51.6%
47Tulsa, OK
50.1%
88Winston-Salem, NC
49.3%
40Colorado Springs, CO
48.6%
65Anchorage, AK
47.3%
75Jersey City, NJ
45.9%
34Fresno, CA
45.7%
41Virginia Beach, VA
45.6%
56Anaheim, CA
45%
61Lexington, KY
43.3%
37Long Beach, CA
42.4%
Rank City % Correct
50Arlington, TX
41.2%
79Durham, NC
41%
71Toledo, OH
40.9%
48Wichita, KS
40.7%
38Mesa, AZ
37.7%
80St. Petersburg, FL
37.5%
52Bakersfield, CA
35.6%
86Norfolk, VA
35.4%
58Corpus Christi, TX
33.9%
95North Las Vegas, NV
33.6%
77Fort Wayne, IN
33.3%
100San Bernardino, CA
33.1%
81Irvine, CA
32.3%
54Aurora, CO
32.1%
68Greensboro, NC
31.4%
59Riverside, CA
31.3%
67Henderson, NV
31.3%
92Scottsdale, AZ
30.4%
89Glendale, AZ
29.9%
93Irving, TX
28.4%
83Lubbock, TX
28.4%
57Santa Ana, CA
28.2%
82Laredo, TX
27.3%
69Plano, TX
25.6%
62Stockton, CA
25.2%
74Chula Vista, CA
25.2%
76Chandler, AZ
24.8%
85Gilbert, AZ
22.1%
90Hialeah, FL
20.6%
94Chesapeake, VA
20.3%
96Fremont, CA
18.7%
91Garland, TX
18.2%

Quiz Scoreboard

More to Explore

You Might Also Like...

May contain spoilers

Today's Top Quizzes in Geography

Browse Geography

Today's Top Quizzes in Population

Browse Population

Showdown Scoreboard SHOWDOWN HUB

More By:
DanW

Quiz Plays Rating Category Featured Created
72,089 4.49 Geography Sep 28, 2009
23,842 3.32 Geography Oct 2, 2009
6,453 2.82 Geography Oct 3, 2009
2,468 4.43 Geography Oct 1, 2009
1,801 3.71 Sports Sep 27, 2009

Go to Creator's Profile

Score Distribution

Your Account Isn't Verified!

In order to create a playlist on Sporcle, you need to verify the email address you used during registration. Go to your Sporcle Settings to finish the process.

Report this User

Report this user for behavior that violates our Community Guidelines.

Details: